Zapiski Michaila Garnovskogo (1786-1790) (Titelsatznr. 50218)
[ MARC ]
| 000 -Satzkennung | |
|---|---|
| Kontrollfeld mit fester Länge | 00676nam a22002173u 4500 |
| 001 - Kontrollnummer | |
| Kontrollfeld | a987689956+[1] |
| 003 - Kontrollnummer Identifier | |
| Kontrollfeld | RU-10907106 |
| 005 - Datum und Zeit der letzten Transaktion | |
| Kontrollfeld | 20221115144853.0 |
| 008 - Feld mit fester Länge zur physischen Beschreibung - Allgemeine Angaben | |
| Kontrollfeld mit fester Länge | 180713s2017 gw |||| 000u rus d |
| 020 ## - Internationale Standardbuchnummer | |
| Internationale Standardbuchnummer | 9785852094155 |
| Verknüpfung | 978-5-85209-415-5 |
| 035 ## - Systemkontrollnummer | |
| System-Kontrollnummer | a987689956 |
| 040 ## - Katalogisierungsquelle | |
| Übertragungsstelle | RU-10907106 |
| Original-Katalogisierungsstelle | RU-10907106 |
| Katalogisierungssprache | ger |
| 041 ## - Sprachcode | |
| Sprachcode des Textes/der Tonspur oder des separaten Titels | rus |
| 100 1# - Haupteintragung - Personenname | |
| Personenname | Garnovskij, Michail Antonovič |
| Koha-Normdatenidentnummer | 3152 |
| 245 00 - Titel | |
| Titel | Zapiski Michaila Garnovskogo (1786-1790) |
| 246 12 - Titelvarianten | |
| Hauptsachtitel/Kurztitel | Zapiski Michaila Garnovskogo. Zapiski Michaila Garnovskogo (1786-1790) |
| Zählung des Teils/der Abteilung eines Werkes | [1] |
| 264 #1 - Produktion, Veröffentlichung, Distribution, Herstellung und Urheberrechtsvermerk | |
| Herstellungs-, Veröffentlichungs- Vertriebs-, Erzeugungsort | Moskva, |
| Datum der Herstellung, der Veröffentlichung, des Vertriebs oder des Urheberschutzvermerks | 2017 |
| 300 ## - Physische Beschreibung | |
| Umfang | Seiten 25-280 |
| 773 0# - Übergeordnete Einheit | |
| Datensatzkontrollnummer | a987689956 |
| Zählung und erste Seite | [1] |
| Haupteintragung | Zapiski Michaila Garnovskogo |
| 942 ## - Zusätzliche Felder (Koha) | |
| Koha-Medientyp | Monographien |
| Klassifikation oder Aufstellungssystematik | Andere/Generische Klassifikation |
Keine Exemplare verfügbar.